| 000 | 00408nam a22001697a 4500 | ||
|---|---|---|---|
| 003 | OSt | ||
| 005 | 20211105092617.0 | ||
| 008 | 211105b |||||||| |||| 00| 0 eng d | ||
| 020 | _a8121929482 | ||
| 040 | _cHU | ||
| 082 | _a579.5;024657 | ||
| 100 |
_aTulsian _917030 |
||
| 245 | _aBUsiness Statistics A self study Textbook | ||
| 260 |
_aindia _bNEW DELHI _c2010 |
||
| 300 | _a22.15 | ||
| 942 |
_2ddc _cBOOKS _n0 |
||
| 999 |
_c16860 _d16860 |
||